Statistics for Oceans of the World

Click here to take the quiz!

General Stats

  • This quiz has been taken 487 times
    (444 since last reset)
  • The average score is 4 of 5

Answer Stats

Ocean% Correct
Pacific Ocean
98%
Atlantic Ocean
96%
Indian Ocean
93%
Arctic Ocean
69%
Southern Ocean
52%

Score Distribution

Percentile by Number Answered

Percent of People with Each Score

Your Score History

You have not taken this quiz since the last reset